000 00294nam a22001337a 4500
008 171013b xxu||||| |||| 00| 0 eng d
020 _a9781559349543
041 _aeng
080 _a316
100 _a51
101 _aSOC
245 _aTHE PRACTICAL SKEPTIC
_cMCINTYRE, L.J
942 _2udc
_cBK
999 _c33723
_d33723